| 000 | 00737nam a22001817a 4500 | ||
|---|---|---|---|
| 999 |
_c371238 _d371238 |
||
| 008 | 201127b ||||| |||| 00| 0 eng d | ||
| 040 |
_aDE-2950 _bger _cDE-2950 _erda |
||
| 041 | _ager | ||
| 245 |
_aEin Kurstädter für Frankfurt. _bBund: Bad Freienwalde unterstützt Klesit-Stadt bei der Bewerbung um das Zukunftszentrum für Europäische Transformation und Deutsche Einheit / _nSteffen Göttmann |
||
| 264 | _c2021 | ||
| 653 | _aFrankfurt (Oder) | ||
| 653 | _aZukunftszentrum / Bewerbung | ||
| 773 |
_dFrankfurt (Oder) Märkisches Verlags- und Druckhaus GmbH & Co KG _tMärkische Oderzeitung _g32. Jahrgang (2021) Nr. 293 vom 15.12.2021, S. 17 |
||
| 942 | _cA | ||